| 000 | 01559nam a2200397 c 4500 | ||
|---|---|---|---|
| 999 |
_c194403 _d194403 |
||
| 003 | BLK | ||
| 005 | 20230207095254.0 | ||
| 008 | 180411b bul|||||r ||||||| ||bul|| | ||
| 010 | _aKNG00203631000 | ||
| 020 | _a978-954-337-320-8 | ||
| 040 | _aBLK | ||
| 041 |
_aBUL _cBUL |
||
| 072 | 7 |
_2bullib _aН8400 _xБългарска поезия Н |
|
| 072 | 7 |
_2bullib _aК _xКраезнание |
|
| 072 | 7 |
_2bullib _aЯ _xАвтографи |
|
| 072 | 7 |
_2bullib _aРА _xРусенски автори |
|
| 080 |
_aБългарска литература _b821.163.2 _x-1 _z821.163.2-1 |
||
| 080 |
_aБългарска литература _b821.163.2 _x-2 _z821.163.2-2 |
||
| 100 | 1 |
_aЯнева-Медникарова, Дора Стоянова _eпърви автор _9365173 |
|
| 139 |
_aЯнева-Медникарова, Дора Стоянова _bЯ 54 |
||
| 245 | 1 | 0 |
_aСълза в пустинята _bКалейдоскоп : стихотворения ; Танго призори : пиеса _cДора Стоянова Янева-Медникарова. |
| 257 | _aBGR | ||
| 260 |
_bАвангард принт _c2017 |
||
| 300 |
_a72 с. _c20 см |
||
| 380 | _aX | ||
| 653 | _aстихотворения | ||
| 653 | _aпиеси | ||
| 659 | _aК | ||
| 659 | _aН | ||
| 659 | _aЯ | ||
| 852 | _aЦб 284810 | ||
| 852 | _aК 821.163.2/Я 54 Д | ||
| 856 | 4 | _qpdf | |
| 856 | 4 | _qpdf | |
| 942 |
_cKNG _n0 _s1 _01 |
||
| 944 |
_aCR _c21.03.2017 _lф / _kВиолета_Тройчева |
||
| 944 |
_aED _c12.04.2017 _lф / _kЛюдмила_Стоянова |
||
| 999 | _d194403 | ||